00929nam a22002537a 45000010005000000030006000050050017000110080041000280200018000690400029000870500011001160820010001271000025001372450124001622500022002862600040003083000045003485050007003935200187004005210020005875210018006076500021006256500029006465453FISKH20241209083816.0241209b cb ||||| |||| 00| 0 eng d a9780763640781 aFISKHbengcFISKHdFISKH aPZ8.N6 a813.6 aRoss Gary /d(1956-) aThe ordinary Mouse /cThe Tale of Despereaux Based on the motion picture screenplay Based on the book by Kate DiCamillo aThis edition 2008 aMassachusetts :bCandlewick,c2008. a26 pages :bcolor illustrations ;c23 cm aL  aThis is the story of Desperaux Tilling, an ususally small mouse who nonetheless is brave and curious, loves to read, makes friends with a rat, and is determined to rescue a princess.8 a510L bLexile 8 aL bRaz-Plus  2MouseaAdventure 2FictionaChristmas Books